书目信息 |
| 题名: |
结构力学程序设计及应用
|
|
| 作者: | 王焕定 , 张永山 编著 | |
| 分册: | ||
| 出版信息: | 北京 高等教育出版社 2001.7 |
|
| 页数: | 229页 | |
| 开本: | 26cm | |
| 丛书名: | 新世纪土木工程系列教材 | |
| 单 册: | ||
| 中图分类: | TU311 | |
| 科图分类: | ||
| 主题词: | 建筑结构--理论 , 建筑结构--结构计算 | |
| 电子资源: | ||
| ISBN: | 7-04-009386-3 | |
| 000 | 00776nam0 2200241 45 | |
| 001 | 0239252697 | |
| 005 | 20081017154448.95 | |
| 010 | @a7-04-009386-3@dRMB 21.10 | |
| 100 | @a20020611d2001 km y0chiy0120 ea | |
| 101 | 0 | @achi |
| 102 | @aCN@b110000 | |
| 200 | 1 | @a结构力学程序设计及应用@Ajie gou li xue cheng xu she ji ji ying yong@f王焕定,张永山编著@Fwang huan ding,zhang yong shan bian zhu |
| 210 | @a北京@c高等教育出版社@d2001.7 | |
| 215 | @a229页@d26cm | |
| 225 | 2 | @a新世纪土木工程系列教材 |
| 410 | 0 | @12001 @a新世纪土木工程系列教材 |
| 606 | 0 | @a建筑结构@x理论 |
| 606 | 0 | @a建筑结构@x结构计算 |
| 690 | @aTU311@v3 | |
| 701 | 0 | @a王焕定@Awang huan ding@4编著 |
| 701 | 0 | @a张永山@Azhang yong shan@4编著 |
| 801 | 0 | @aCN@bPFT@c20081017 |
| 905 | @a安徽大学@dTU311@eW210 | |
| 结构力学程序设计及应用/王焕定,张永山编著.-北京:高等教育出版社,2001.7 |
| 229页;26cm.-(新世纪土木工程系列教材) |
| ISBN 7-04-009386-3:RMB 21.10 |
| ● |
| 相关链接 |
|
|
|
正题名:结构力学程序设计及应用
索取号:TU311/W210
 
预约/预借
| 序号 | 登录号 | 条形码 | 馆藏地/架位号 | 状态 | 备注 |
| 1 | 363564 | 203635646 | 自科二线404/404自科库 28排6列4层/ [索取号:TU311/W210] | 在馆 | |
| 2 | 363565 | 203635655 | 自科二线404/404自科库 28排6列4层/ [索取号:TU311/W210] | 在馆 | |
| 3 | 363566 | 203635664 | 建筑库101/101建筑库 78排1列1层/ [索取号:TU311/W210] | 在馆 | |
| 4 | 454045 | 204540452 | 建筑库101/101建筑库 78排1列1层/ [索取号:TU311/W210] | 在馆 | |
| 5 | 454046 | 204540461 | 建筑库101/101建筑库 78排1列1层/ [索取号:TU311/W210] | 在馆 | |
| 6 | 454047 | 204540470 | 建筑库101/101建筑库 78排1列1层/ [索取号:TU311/W210] | 在馆 | |
| 7 | 454048 | 204540489 | 建筑库101/101建筑库 78排1列1层/ [索取号:TU311/W210] | 在馆 | |
| 8 | 550426 | 205504266 | 建筑库101/101建筑库 78排1列1层/ [索取号:TU311/W210] | 在馆 | |
| 9 | 550427 | 205504275 | 建筑库101/101建筑库 78排1列1层/ [索取号:TU311/W210] | 在馆 | |
| 10 | 550428 | 205504284 | 建筑库101/101建筑库 78排1列1层/ [索取号:TU311/W210] | 在馆 |